00418nam a2200157Ia 4500100002300000942000700023366000700030654002800037245002800065260001800093082000800111300000800119546001200127999001700139952010400156 aRagi/Sangit kumar  cBK f20 aadministrative thinkers aAdministrative thinkers bTrinityc2012 bRAG a430 aENGLISH c23374d23374 001040708CRCaCRCEbCRCEd2023-03-17g280.00l0o RAGp23995r2023-03-17v350.00w0000-00-00yBK